[Event "IBM-B"]
[Site "Amsterdam"]
[Date "1976.??.??"]
[Round "7"]
[White "Tatai, Stefano"]
[Black "Matera, Salvatore"]
[Result "1/2-1/2"]
[WhiteElo "2465"]
[BlackElo "2420"]

1.e4 c5 2.Nf3 e6 3.d4 cxd4 4.Nxd4 a6 5.Nc3 Qc7 6.g3 Bb4 7.Ne2 Nf6 8.Bg2 Be7
9.O-O O-O 10.b3 Nc6 11.Bb2 b5 12.Nf4 Bb7 13.Nd3 d6 14.Nb1 Nd7 15.Nd2 Bf6
16.Bxf6 Nxf6 17.c4 e5 18.Re1 Rad8 19.Rc1 Rfe8 20.cxb5 axb5 21.Nb4 Qb6 22.Nxc6 Bxc6
23.b4 Ra8 24.Rc2 d5 25.Qc1 Bb7 26.exd5 Bxd5 27.Bxd5 Nxd5 28.a3 Nf6  1/2-1/2

[Event "Tungsram"]
[Site "Budapest"]
[Date "1976.??.??"]
[Round "?"]
[White "Vogt, Lothar"]
[Black "Jansa, Vlastimil"]
[Result "1/2-1/2"]
[WhiteElo "2480"]
[BlackElo "2490"]

1.e4 c5 2.Nf3 e6 3.d4 cxd4 4.Nxd4 a6 5.Nc3 Nc6 6.g3 Nge7 7.Nb3 d6 8.a4 Bd7
9.Bg2 Nc8 10.O-O Be7 11.Be3 O-O 12.a5 Qc7 13.Qe2 Nb4 14.Rfc1 b5 15.Nd1 Rb8
16.f4 Re8 17.Nf2 Bf8 18.Qd2 Nc6 19.Nd4 Nxd4  1/2-1/2

[Event "Tungsram"]
[Site "Budapest"]
[Date "1976.??.??"]
[Round "?"]
[White "Barczay, Laszlo"]
[Black "Weinstein, Norman"]
[Result "1/2-1/2"]
[WhiteElo "2485"]
[BlackElo "2430"]

1.e4 c5 2.Nf3 e6 3.d4 cxd4 4.Nxd4 a6 5.Nc3 Qc7 6.Be2 Nc6 7.Be3 Nf6 8.O-O d6
9.f4 Be7 10.Kh1 O-O 11.Qe1 Nxd4 12.Bxd4 b5 13.e5 dxe5 14.Bxe5 Qb6 15.Bd3 Bb7
16.Qh4 h6 17.Qg3 Ne8 18.f5 exf5 19.Rxf5 Bd6 20.Raf1 Rd8 21.a4 Bxe5 22.Rxe5 b4
23.Ne4 Bxe4 24.Rxe4 Nf6 25.Rh4 Rd6 26.a5 Qc5 27.Rc4 Qd5 28.Rxb4 Nh5 29.Qf3 Qxa5
30.Rb8 Nf6 31.Rxf8+ Kxf8 32.Qa8+ Rd8 33.Qxa6 Qxa6 34.Bxa6 Rd2 35.Rc1 Nd5
36.b3 Nb4  1/2-1/2

[Event "WchT U26 fin-B"]
[Site "Caracas"]
[Date "1976.??.??"]
[Round "7"]
[White "Henao, Raul Fernando"]
[Black "Sinclair, Ian"]
[Result "1/2-1/2"]
[WhiteElo "2295"]
[BlackElo "2265"]

1.e4 c5 2.Nf3 e6 3.d4 cxd4 4.Nxd4 a6 5.Nc3 Qc7 6.g3 Nc6 7.Bg2 Nf6 8.O-O Nxd4
9.Qxd4 Bc5 10.Bf4 d6 11.Qd3 O-O 12.Rad1 Ne8 13.Rfe1 Qb6 14.Be3 Bxe3 15.Qxe3 Qxe3
16.Rxe3 Bd7 17.Bf1 Rc8 18.Rd4 f6 19.Bc4 Kf7 20.Bb3 Ke7 21.Rd2 g5 22.Ne2 Rc5
23.f3 Bb5 24.Nd4 Bc4 25.Re1 Bxb3 26.axb3 Nc7 27.c3 Nb5 28.Nc2 Rd8 29.Ne3 Na7
30.Red1 Rc7 31.Nc4 Nc8 32.Kf2 Rcd7 33.Ne3 Nb6 34.c4 Nc8 35.f4 Na7 36.f5 Nc6
37.fxe6 Kxe6 38.Nd5 Ne7 39.Ne3 Nc6 40.Kg2 Ne7 41.Rd4  1/2-1/2

[Event "DDR-ch 25th"]
[Site "Groeditz"]
[Date "1976.??.??"]
[Round "10"]
[White "Rossmann, Helmut"]
[Black "Espig, Lutz"]
[Result "1-0"]
[WhiteElo "2280"]
[BlackElo "2435"]

1.e4 c5 2.Nf3 e6 3.d4 cxd4 4.Nxd4 a6 5.Nc3 Qc7 6.Bd3 Nc6 7.Be3 Nf6 8.O-O Ne5
9.h3 Bc5 10.f4 Nc6 11.Nce2 Qb6 12.c3 Qxb2 13.Kh1 d6 14.Rb1 Qa3 15.Bc1 Qa5
16.Nb3 Qc7 17.Nxc5 dxc5 18.e5 Nd5 19.c4 Ndb4 20.Be4 Na5 21.a3 Nbc6 22.Be3 Nxc4
23.Bxc5 Rb8 24.Rc1 N6xe5 25.Qd4 Qd7 26.Rxc4  1-0

[Event "Haifa ol (Men)"]
[Site "Haifa"]
[Date "1976.??.??"]
[Round "?"]
[White "Ozaki, Yukitaka"]
[Black "Woodhams, Michael"]
[Result "0-1"]
[WhiteElo "2200"]
[BlackElo "2430"]

1.e4 c5 2.Nf3 e6 3.d4 cxd4 4.Nxd4 a6 5.Nc3 Qc7 6.Be2 b5 7.a3 Bb7 8.O-O Nf6
9.Bxb5 axb5 10.Ndxb5 Qc6 11.Bf4 Nxe4 12.Nc7+ Kd8 13.Qf3 Nxc3 14.Qxc6 Ne2+
15.Kh1 Bxc6  0-1

[Event "Haifa ol (Men)"]
[Site "Haifa"]
[Date "1976.??.??"]
[Round "?"]
[White "Janetschek, Karl"]
[Black "Quinteros, Miguel A"]
[Result "0-1"]
[WhiteElo "2355"]
[BlackElo "2540"]

1.e4 c5 2.Nf3 e6 3.d4 cxd4 4.Nxd4 a6 5.Nc3 Qc7 6.Bd3 Nc6 7.Be3 b5 8.Nxc6 Qxc6
9.Qe2 Bb7 10.O-O-O b4 11.Nb5 Nf6 12.Nd4 Qc7 13.f4 Nxe4 14.f5 Nc5 15.Rhe1 Be7
16.Qg4 Bf6 17.Bg5 O-O-O 18.Bxf6 gxf6 19.Qh4 e5 20.Nb3 Nxd3+ 21.Rxd3 Qb6 22.Qc4+ Kb8
23.Qc5 Qxc5 24.Nxc5 d5 25.Nxb7 Kxb7 26.Rb3 a5 27.a3 Rdg8 28.axb4 axb4 29.Rxb4+ Kc6
30.Ra4 Kb5 31.Ra7 Rxg2 32.Rb7+ Kc4 33.Rxf7 Ra8 34.Kb1 Ra6 35.Rxh7 Rf2 36.Rc7+ Kd4
37.Rd7 Ra5 38.c3+ Kd3  0-1

[Event "DSV-Turnier"]
[Site "Halle"]
[Date "1976.??.??"]
[Round "?"]
[White "Barczay, Laszlo"]
[Black "Espig, Lutz"]
[Result "1-0"]
[WhiteElo "2485"]
[BlackElo "2480"]

1.e4 c5 2.Nf3 e6 3.d4 cxd4 4.Nxd4 a6 5.Nc3 Qc7 6.g3 Nc6 7.Bg2 Nf6 8.O-O Be7
9.Re1 d6 10.Nxc6 bxc6 11.e5 dxe5 12.Rxe5 O-O 13.Bf4 Qb7 14.Re3 Rd8 15.Rd3 Rxd3
16.Qxd3 Bd7 17.b3 Be8 18.Qe2 Rd8 19.Na4 Nd5 20.Bd2 Nb4 21.Be4 Bf6 22.c3 Qb5
23.c4 Qb8 24.Bf4 Qc8 25.Re1 a5 26.a3 Na6 27.Qh5 g6 28.Qxa5 Rd4 29.Be5 Bxe5
30.Qxe5 c5 31.Nc3 Nb8 32.Bf3 Rd3 33.Nd5 Nd7 34.Ne7+ Kf8 35.Qe2 Kxe7 36.Qxd3 Qb8
37.Qc3 f6 38.b4 Ne5 39.Bg2  1-0

[Event "Lone Pine"]
[Site "Lone Pine"]
[Date "1976.??.??"]
[Round "1"]
[White "Jones, Charles B"]
[Black "Weinstein, Norman"]
[Result "0-1"]
[WhiteElo "2200"]
[BlackElo "2430"]

1.e4 c5 2.Nf3 e6 3.d4 cxd4 4.Nxd4 a6 5.Nc3 Qc7 6.Bd3 Nc6 7.Be3 b5 8.f4 Bb7
9.Nb3 d6 10.f5 Nf6 11.fxe6 fxe6 12.Qe2 Be7 13.O-O-O Ne5 14.Nd4 Bc8 15.Nf3 O-O
16.Nxe5 dxe5 17.g4 Nd7 18.g5 Nc5 19.Qh5 b4 20.Ne2 Nxd3+ 21.Rxd3 Bd7 22.Bd2 Rac8
23.c3 g6 24.Qg4 Rf2 25.Rh3 Rcf8 26.Kb1 Qc4 27.Re1 b3 28.axb3 Qxb3 29.Be3 Ba3
30.Bc1 Bxb2 31.Nd4 exd4 32.Qd1 Qxd1 33.Rxd1 Bxc3 34.Rxc3 dxc3 35.Rxd7 Rb8+  0-1

[Event "Lone Pine"]
[Site "Lone Pine"]
[Date "1976.??.??"]
[Round "3"]
[White "Formanek, Edward W"]
[Black "Sisniega, Marcel"]
[Result "0-1"]
[WhiteElo "2430"]
[BlackElo "2200"]

1.e4 c5 2.Nf3 e6 3.d4 cxd4 4.Nxd4 a6 5.Nc3 Qc7 6.f4 Nc6 7.Nf3 Bc5 8.Bc4 b5
9.Bb3 Nge7 10.Qe2 d6 11.Be3 O-O 12.O-O Qb6 13.Nd1 a5 14.c3 Ba6 15.Re1 Ng6
16.g3 b4 17.Qd2 Kh8 18.Nf2 Bb7 19.Bxc5 dxc5 20.Rad1 a4 21.Bc4 Nce7 22.Re3 f5
23.Ng5 fxe4 24.Nxe6 Rf6 25.Ng5 Nf5 26.Rxe4 bxc3 27.bxc3 h6 28.Qe2 Nf8 29.Nf7+ Kh7
30.g4 Rg6 31.Ne5 Nd6 32.Nxg6 Nxe4 33.Nxf8+ Rxf8 34.Bd3 Rxf4 35.Rb1 Rxf2 36.Qxf2 Qc6
37.Qf5+ Kh8 38.Qxe4 Qxe4  0-1

[Event "Kringsja"]
[Site "Oslo"]
[Date "1976.??.??"]
[Round "4"]
[White "Antonsen, O."]
[Black "Harestad, Thor Geir"]
[Result "1-0"]
[WhiteElo "2200"]
[BlackElo "2320"]

1.e4 c5 2.Nf3 e6 3.d4 cxd4 4.Nxd4 a6 5.Nc3 Qc7 6.Be2 Nf6 7.a3 b5 8.O-O Bb7
9.Bf3 d6 10.g4 h6 11.Bg2 Nbd7 12.Qe2 Ne5 13.h3 Be7 14.f4 Nc4 15.g5 Qc5 16.Qf2 Nd7
17.g6 fxg6 18.Nxe6 Qxf2+ 19.Rxf2 Kf7 20.Nc7 Rac8 21.N7d5 Bf6 22.e5 Bh4 23.e6+ Kxe6
24.f5+ gxf5 25.Nf4+ Kf7 26.Bxb7 Bxf2+ 27.Kxf2 Rc7 28.Bxa6 Nf6 29.Bxb5 g5
30.Nfd5 Nxd5 31.Nxd5 Rc5 32.a4 Nxb2 33.Ne3 Rhc8 34.Bxb2 Rxc2+ 35.Nxc2 Rxc2+
36.Be2 Rxb2 37.a5 d5 38.a6 Rb8 39.a7 Ra8 40.Bb5  1-0

[Event "URS-ch otbor"]
[Site "Rostov"]
[Date "1976.??.??"]
[Round "?"]
[White "Butnorius, Algimantas"]
[Black "Gofshtein, Leonid D"]
[Result "1-0"]
[WhiteElo "2200"]
[BlackElo "2200"]

1.e4 c5 2.Nf3 e6 3.d4 cxd4 4.Nxd4 a6 5.Nc3 Qc7 6.g3 b5 7.Bg2 Bb7 8.O-O Nf6
9.Re1 d6 10.a4 bxa4 11.Rxa4 Nbd7 12.Qe2 Be7 13.Rc4 Qb8 14.Nc6 Bxc6 15.Rxc6 a5
16.Ra6 Rxa6 17.Qxa6 Qb4 18.e5 dxe5 19.Qc8+ Bd8 20.Bc6 O-O 21.Bxd7 Bb6 22.Qc6 Rd8
23.Bc8  1-0

[Event "URS-ch otbor"]
[Site "Rostov"]
[Date "1976.??.??"]
[Round "?"]
[White "Tseitlin, Mark D"]
[Black "Khodos, German"]
[Result "0-1"]
[WhiteElo "2450"]
[BlackElo "2200"]

1.e4 c5 2.Nf3 e6 3.Nc3 a6 4.d4 cxd4 5.Nxd4 Nc6 6.Bf4 d6 7.Bg3 Qc7 8.Qd2 Nf6
9.Be2 Be7 10.O-O-O Nxd4 11.Qxd4 e5 12.Qe3 O-O 13.f4 b5 14.Kb1 Bb7 15.Rd2 Rac8
16.Bf3 Rfe8 17.f5 b4 18.Nd1 Qa5 19.Nf2 d5 20.Rhd1 Bc5 21.Qe1 Bxf2 22.Bxf2 dxe4
23.Be2 Nd5 24.Bh5 Nc3+ 25.bxc3 bxc3 26.Bxf7+ Kxf7 27.Rd7+ Re7 28.Ka1 Qa3
29.Rxe7+ Kxe7 30.Bc5+ Qxc5 31.Qh4+ Kf8 32.f6 Qa3 33.fxg7+ Kg8 34.Rd8+ Rxd8
35.Qxd8+ Kxg7 36.Qc7+ Kg8 37.Qd8+ Kf7 38.Qc7+ Kg6 39.Qb6+ Kh5 40.g4+ Kxg4
41.Qe6+ Kf4 42.Qh6+ Kf5 43.Qxh7+ Ke6 44.Qg6+ Kd5 45.Qg8+  0-1

[Event "URS-ch otbor"]
[Site "Rostov"]
[Date "1976.??.??"]
[Round "?"]
[White "Chernov, J."]
[Black "Lerner, Konstantin Z"]
[Result "1-0"]
[WhiteElo "2200"]
[BlackElo "2430"]

1.e4 c5 2.Nc3 e6 3.Nf3 a6 4.d4 cxd4 5.Nxd4 Qc7 6.g3 Nf6 7.Bg2 Be7 8.O-O O-O
9.f4 d6 10.g4 Nc6 11.Nxc6 bxc6 12.g5 Nd7 13.f5 Re8 14.Kh1 Ne5 15.f6 Bf8 16.Bf4 a5
17.Bxe5 dxe5 18.fxg7 Bxg7 19.Qh5 Ba6 20.Rf3 Red8 21.Bf1 Rd2 22.Bxa6 Rxa6
23.Raf1 Ra7 24.Rh3 Qb6 25.Qxh7+ Kf8 26.Rhf3 Qxb2 27.g6 Rdd7 28.gxf7 Rxf7
29.Qg6 Rf4 30.Rxf4+ exf4 31.Rxf4+ Kg8 32.Qxe6+  1-0

[Event "SWE-ch"]
[Site "SWE"]
[Date "1976.??.??"]
[Round "?"]
[White "Schneider, Lars Ake"]
[Black "Lekander, Rolf"]
[Result "1-0"]
[WhiteElo "2365"]
[BlackElo "2305"]

1.e4 c5 2.Nf3 e6 3.d4 cxd4 4.Nxd4 a6 5.Nc3 Nc6 6.Be2 Nf6 7.f4 Qb6 8.Nb3 d6
9.a4 a5 10.Bf3 Be7 11.Qe2 O-O 12.Be3 Qc7 13.Nb5 Qb8 14.Rd1 Bd7 15.Bb6 Ne8
16.O-O Ra6 17.Be3 Nf6 18.Qd2 Rd8 19.Nxd6 Nb4 20.e5 Bxd6 21.exd6 Bxa4 22.Bc5 Nbd5
23.f5 Qc8 24.Qf2 Rc6 25.fxe6 fxe6 26.Rxd5 exd5 27.Bxd5+ Nxd5 28.Qf7+ Kh8
29.d7 Qb8 30.Qxd5 Rg6 31.Be7 Rxd7 32.Qe5 Rd8 33.Bxd8 Qxd8 34.Qxa5 Rxg2+ 35.Kxg2 Bc6+
36.Kf2 Qh4+ 37.Ke3 Qe4+ 38.Kd2 Qg2+ 39.Kc3 Qh3+ 40.Kb4  1-0

[Event "Tbilisi Interzonal (Women)"]
[Site "Tbilisi"]
[Date "1976.??.??"]
[Round "6"]
[White "Baumstark, Gertrude"]
[Black "Zatulovskaya, Tatiana"]
[Result "1/2-1/2"]
[WhiteElo "2210"]
[BlackElo "2240"]

1.e4 c5 2.Nf3 e6 3.d4 cxd4 4.Nxd4 a6 5.Nc3 d6 6.Be2 Nf6 7.O-O Be7 8.f4 Qc7
9.a4 Nc6 10.Be3 O-O 11.Kh1 Bd7 12.Qe1 d5 13.e5 Nxd4 14.Bxd4 Ne4 15.Nxe4 dxe4
16.Bd1 Qc4 17.c3 b5 18.Bc2 bxa4 19.Qxe4 g6 20.Qe3 Bb5 21.Rf2 Rad8 22.Bd1 Rd7
23.Be2 Qb3 24.Bd1  1/2-1/2

[Event "IBM-B"]
[Site "Amsterdam"]
[Date "1977.??.??"]
[Round "6"]
[White "Ligterink, Gert"]
[Black "Popov, Luben"]
[Result "1-0"]
[WhiteElo "2430"]
[BlackElo "2410"]

1.e4 c5 2.Nf3 e6 3.Nc3 a6 4.d4 cxd4 5.Nxd4 b5 6.Bd3 Ne7 7.O-O Nec6 8.Nxc6 Nxc6
9.Qg4 Bb7 10.f4 Nb4 11.f5 Nxd3 12.cxd3 b4 13.Na4 Bc6 14.b3 Bxa4 15.bxa4 e5
16.Be3 Qf6 17.d4 h5 18.Qg3 exd4 19.e5 Qb6 20.Bf2 h4 21.Qg4 h3 22.Rac1 hxg2
23.Qxg2 Rd8 24.Rfe1 Rh6 25.Rc4 Rc6 26.Bxd4 Qc7 27.e6 Rxc4 28.exf7+ Kxf7 29.Qd5+  1-0

[Event "Bad Lauterberg"]
[Site "Bad Lauterberg"]
[Date "1977.??.??"]
[Round "3"]
[White "Liberzon, Vladimir M"]
[Black "Torre, Eugenio"]
[Result "1-0"]
[WhiteElo "2550"]
[BlackElo "2550"]

1.e4 c5 2.Nf3 e6 3.d4 cxd4 4.Nxd4 a6 5.Nc3 Qc7 6.Be2 b5 7.O-O Bb7 8.Bf3 Nc6
9.Nxc6 dxc6 10.a4 Bd6 11.g3 Be5 12.Bg2 Nf6 13.f4 Rd8 14.Qf3 Bd4+ 15.Kh1 e5
16.g4 exf4 17.Bxf4 Qe7 18.e5 Nd5 19.Bg5 f6 20.exf6 gxf6 21.Rae1 Be5 22.Nxd5  1-0

[Event "Birmingham"]
[Site "Birmingham"]
[Date "1977.??.??"]
[Round "3"]
[White "Kagan, Shimon"]
[Black "Soos, Bela"]
[Result "1/2-1/2"]
[WhiteElo "2440"]
[BlackElo "2435"]

1.e4 c5 2.Nf3 e6 3.d4 cxd4 4.Nxd4 a6 5.Nc3 Qc7 6.g3 Nc6 7.Bg2 Nf6 8.O-O Be7
9.Nce2 O-O 10.c4 Rb8 11.b3 Rd8 12.Bb2 b5 13.cxb5 axb5 14.Qc2 Qb6 15.Nxc6 dxc6
16.Nf4 Bb7 17.Rfd1 h6 18.Qe2 Rxd1+ 19.Rxd1 Rd8 20.Rxd8+ Qxd8 21.e5 Nd5 22.Bxd5 cxd5
23.Qxb5 Qc8 24.h4 Bf8 25.Bd4 Ba6 26.Qb6 g5 27.hxg5 hxg5 28.Ng2 Bd3 29.Be3 Be7
30.Ne1 Be4 31.f3 Qc3 32.Bf2 Bb1 33.a4 Qxe5 34.a5 d4 35.Qxd4 Qxa5 36.Kg2 Qb5
37.Qc4 Qxc4 38.bxc4 f5 39.Kf1 Ba2 40.c5 Kf7 41.Ke2 Ke8 42.Nd3 Bc4 43.Kd2 Bf6
44.f4 Bxd3 45.Kxd3 Kd7 46.Kc4 Kc6 47.Be3 g4  1/2-1/2

[Event "HUN-ch"]
[Site "Budapest"]
[Date "1977.??.??"]
[Round "?"]
[White "Rigo, Janos"]
[Black "Tompa, Janos"]
[Result "1-0"]
[WhiteElo "2200"]
[BlackElo "2410"]

1.e4 c5 2.Nf3 e6 3.d4 cxd4 4.Nxd4 a6 5.Nc3 Qc7 6.g3 Bb4 7.Ne2 Be7 8.a4 Nc6
9.Bg2 Nf6 10.O-O O-O 11.h3 d6 12.Bg5 h6 13.Be3 Rb8 14.Nf4 Na5 15.Ba7 Ra8
16.Bd4 Bd7 17.Re1 Nc6 18.Be3 b6 19.Nd3 Rfd8 20.Qe2 Rab8 21.f4 b5 22.axb5 axb5
23.e5 Ne8 24.exd6 Bxd6 25.Ne4 Bf8 26.Nec5 Bc8 27.Na6 Bxa6 28.Rxa6 Nd4 29.Bxd4 Rxd4
30.Ne5 Bc5 31.Kh1 Rb6 32.Ra8 Rd8 33.Rxd8 Qxd8 34.Nxf7 Qc7 35.Ne5 Nd6 36.g4 Nf7
37.Nd3 Be7 38.f5 e5 39.Bd5 Bh4 40.Qxe5 Rd6 41.Bxf7+  1-0

[Event "DDR-ch 26th"]
[Site "Frankfurt/Oder"]
[Date "1977.??.??"]
[Round "1"]
[White "Vogt, Lothar"]
[Black "Postler, Reinhard"]
[Result "1/2-1/2"]
[WhiteElo "2485"]
[BlackElo "2305"]

1.e4 c5 2.Nf3 e6 3.d4 cxd4 4.Nxd4 a6 5.Nc3 Qc7 6.g3 Nf6 7.Bg2 Be7 8.O-O O-O
9.f4 d6 10.g4 Nc6 11.Nxc6 bxc6 12.g5 Ne8 13.f5 exf5 14.exf5 d5 15.Qe1 Rb8
16.a3 Bd6 17.Qh4 Be5 18.f6 Nd6 19.fxg7 Re8 20.g6 fxg6 21.Nxd5 cxd5 22.Bxd5+ Be6
23.Rf8+ Rxf8 24.gxf8=Q+ Rxf8 25.Bxe6+ Kh8 26.Be3 Nf5 27.Bxf5 gxf5 28.Qf2 Qc4
29.Qf3 Qxc2 30.Bf2 Bxb2 31.Rd1 Rg8+ 32.Kf1 Re8 33.Qd3 Qxd3+ 34.Rxd3 Be5 35.Bd4 Bxd4
36.Rxd4 Re5 37.Kf2 Ra5 38.Kf3 Rxa3+ 39.Kf4 Kg7 40.Rd6 Ra2 41.Kxf5 Rf2+ 42.Kg5  1/2-1/2

[Event "Toth mem"]
[Site "Kecskemet"]
[Date "1977.??.??"]
[Round "?"]
[White "Ermenkov, Evgenij"]
[Black "Estevez, Guillermo"]
[Result "1-0"]
[WhiteElo "2445"]
[BlackElo "2360"]

1.e4 c5 2.Nf3 e6 3.d4 cxd4 4.Nxd4 a6 5.Nc3 Qc7 6.Be2 Nf6 7.O-O Be7 8.f4 d6
9.Kh1 O-O 10.Qe1 Nc6 11.Be3 Nxd4 12.Bxd4 b5 13.Qg3 Bb7 14.a3 Bc6 15.Rae1 Qb7
16.Bd3 b4 17.axb4 Qxb4 18.Ne2 Qb7 19.Nc3 Qb4 20.Ne2 Qb7 21.e5 Nh5 22.Qh3 g6
23.Ng3 dxe5 24.Bxe5 Ng7 25.Ne4 f6 26.Bc3 Bd5 27.Re2 Nh5 28.Ng3 Ng7 29.Be4 Rad8
30.Rfe1 Bb4 31.Bxd5 Rxd5 32.Ne4 Bxc3 33.Qxc3 Qb5 34.b3 Nh5 35.Qf3 Qb8 36.g3 Rfd8
37.Nc3 Rd2 38.Rxe6 Rxc2 39.Nd5 Qa8 40.g4 Qxd5 41.Re8+ Kg7 42.R1e7+ Kh6 43.g5+ fxg5
44.fxg5+ Qxg5 45.Rxh7+  1-0

[Event "DSV-Turnier"]
[Site "Leipzig"]
[Date "1977.??.??"]
[Round "1"]
[White "Lutikov, Anatoly S"]
[Black "Boensch, Uwe"]
[Result "0-1"]
[WhiteElo "2540"]
[BlackElo "2440"]

1.e4 c5 2.Nc3 e6 3.Nf3 a6 4.d4 cxd4 5.Nxd4 d6 6.f4 Nf6 7.Nf3 Nc6 8.Bd3 Be7
9.O-O O-O 10.a3 b5 11.Qe1 b4 12.Na4 Rb8 13.e5 Nd5 14.Bd2 a5 15.Rd1 Bd7 16.c4 bxc3
17.Nxc3 dxe5 18.fxe5 Rxb2 19.Ne4 Rb3 20.Qg3 g6 21.Bg5 Rxa3 22.Qh4 f5 23.exf6 Nxf6
24.Bc4 Nxe4 25.Qxe4 Bxg5 26.Rxd7 Qb6+ 27.Kh1 Re3 28.Bxe6+ Kh8 29.Qd5 Be7
30.Bh3 a4  0-1

[Event "Lone Pine"]
[Site "Lone Pine"]
[Date "1977.??.??"]
[Round "9"]
[White "Reshevsky, Samuel Herman"]
[Black "Browne, Walter S"]
[Result "1/2-1/2"]
[WhiteElo "2490"]
[BlackElo "2545"]

1.e4 c5 2.Nf3 e6 3.d4 cxd4 4.Nxd4 a6 5.Nc3 Qc7 6.Be2 Nc6 7.Be3 Nf6 8.O-O Be7
9.f4 d6 10.Qe1 O-O 11.Qg3 Nxd4 12.Bxd4 b5 13.e5 dxe5 14.Bxe5 Qc5+ 15.Kh1 Bb7
16.Bd3 g6 17.Rae1 b4 18.Nd1 Nh5 19.Qh3 f6 20.Qxe6+ Rf7 21.Bc4 Rf8 22.Bb8 Kh8
23.Nf2 Rg7 24.Nd3 Qc8 25.Bd6 Bxd6 26.Qxd6 Ng3+ 27.Kg1 Nxf1 28.Kxf1 a5 29.Nc5 Qb8
30.Qd4 Rd8 31.Qe3 Bd5 32.Bxd5 Rxd5 33.Nd3 Qc8 34.Re2 Rf7 35.b3 Kg7 36.Nb2 Qg4
37.h3 Qf5 38.Nd3 h5 39.Qf3 Qd7 40.g4 hxg4 41.hxg4 Rf8 42.Kg2 Rd4 43.Nf2 Rd2
44.Rxd2 Qxd2 45.Qb7+ Kh6 46.Kf3 Qc3+ 47.Kg2 Re8 48.g5+ fxg5 49.Qd7 Re3 50.Ng4+ Kh5
51.Nxe3 Qxe3 52.Qh7+ Kg4 53.Qd7+ Kxf4 54.Qf7+ Kg4 55.Qd7+  1/2-1/2

[Event "Lublin"]
[Site "Lublin"]
[Date "1977.??.??"]
[Round "10"]
[White "Zinn, Lothar"]
[Black "Lebredo, Gerardo"]
[Result "0-1"]
[WhiteElo "2365"]
[BlackElo "2385"]

1.e4 c5 2.Nc3 e6 3.Nge2 a6 4.d4 cxd4 5.Nxd4 Qc7 6.g3 Bb4 7.Bd2 Nf6 8.Bg2 Be7
9.O-O d6 10.a4 Nc6 11.Nxc6 bxc6 12.a5 O-O 13.Na4 Bb7 14.Re1 Rad8 15.c4 c5
16.Qe2 Nd7 17.b4 cxb4 18.Bxb4 Rb8 19.Rab1 Qc6 20.Nc3 Rfc8 21.Nd5 Bf8 22.Ne3 Qa4
23.Qd2 Bc6 24.Bf3 Ne5 25.Bd1 Bxe4 26.Rb2 Qc6 27.Be2 Bd3 28.f4 Nxc4 29.Nxc4 Bxc4
30.f5 Bxe2 31.fxe6 fxe6 32.Rxe2 e5 33.Rf2 Qc1+ 34.Qxc1 Rxc1+ 35.Kg2 Rc4 36.Rxf8+ Rxf8
37.Bxd6  0-1

[Event "Rubinstein mem"]
[Site "Polanica Zdroj"]
[Date "1977.??.??"]
[Round "10"]
[White "Diesen, Mark C"]
[Black "Filipowicz, Andrzej"]
[Result "1-0"]
[WhiteElo "2360"]
[BlackElo "2355"]

1.e4 c5 2.Nf3 e6 3.d4 cxd4 4.Nxd4 a6 5.Nc3 d6 6.f4 Qc7 7.Be2 Nc6 8.Be3 Nf6
9.O-O Be7 10.Kh1 O-O 11.Qe1 Bd7 12.a4 Rab8 13.Qg3 g6 14.f5 Nxd4 15.Bxd4 e5
16.Be3 Bc6 17.Qh4 d5 18.exd5 Nxd5 19.Nxd5 Bxh4 20.Nxc7 Bd8 21.Bh6 Bxc7 22.fxg6 hxg6
23.Bc4 Rbd8 24.Rf6 Rd4 25.Bb3 Rg4 26.Rg1 Bb6 27.Bxf8 Bxg1 28.Kxg1 Kxf8 29.Rxf7+ Ke8
30.g3 Rxa4 31.Rf6 Ra1+ 32.Kf2 Rb1 33.Rxg6 Rxb2 34.Re6+ Kd7 35.Rxe5 b5 36.Ke2 a5
37.Kd2 a4 38.Kc1 a3 39.h4 Kd6 40.Rg5 b4 41.Rg6+  1-0

[Event "Rubinstein mem"]
[Site "Polanica Zdroj"]
[Date "1977.??.??"]
[Round "10"]
[White "Espig, Lutz"]
[Black "Lebredo, Gerardo"]
[Result "1/2-1/2"]
[WhiteElo "2485"]
[BlackElo "2385"]

1.e4 c5 2.Nc3 e6 3.Nge2 a6 4.d4 cxd4 5.Nxd4 Qc7 6.Be2 Nf6 7.O-O Nc6 8.Kh1 b5
9.Nxc6 dxc6 10.f4 Bb7 11.e5 Nd5 12.Nxd5 cxd5 13.Bd3 g6 14.Bd2 Be7 15.Qe1 Qc6
16.Bb4 Bd8 17.Qe2 Be7 18.Bxe7 Kxe7 19.Qg4 Raf8 20.Qh4+ Kd7 21.Rae1 Qc5 22.a3 Qd4
23.b3 f5 24.exf6 Rxf6 25.Rd1 Qb2 26.a4 bxa4 27.bxa4 Bc6 28.Rb1 Qd4 29.Bxa6 Rhf8
30.Bd3 R8f7 31.Rb8 Qe5 32.Rd8+ Kc7 33.Rh8 g5 34.Qf2 d4 35.Rxh7 Qd5 36.Qg3 gxf4
37.Rxf7+ Rxf7 38.Qg8 e5 39.Rb1 f3 40.Qb8+ Kd7 41.Ba6 fxg2+ 42.Kg1  1/2-1/2

[Event "Santos Lugares"]
[Site "Santos Lugares"]
[Date "1977.??.??"]
[Round "2"]
[White "Castelli, Raul"]
[Black "Schweber, Samuel"]
[Result "1/2-1/2"]
[WhiteElo "2200"]
[BlackElo "2445"]

1.e4 c5 2.Nf3 e6 3.d4 cxd4 4.Nxd4 a6 5.Nc3 Qc7 6.Bd3 Ne7 7.Be3 Ng6 8.O-O Nc6
9.Nce2 Nce5 10.h3 Nc4 11.Bxc4 Qxc4 12.b3 Qc7 13.c4 b6 14.Qd2 Bb7 15.f3 Be7
16.Rad1 O-O 17.Kh1 Rfd8 18.Qe1 Rab8 19.Bf2 Bd6 20.Bg3 Bxg3 21.Qxg3 Qc5 22.Rc1 Rbc8
23.Rfd1 d6 24.Qe1 Ne7 25.Qh4 Rd7 26.Nc3 Qc7 27.Nce2 Rcd8 28.Qg3 Qc5 29.Nc3 Qe5  1/2-1/2

[Event "Santos Lugares"]
[Site "Santos Lugares"]
[Date "1977.??.??"]
[Round "4"]
[White "Balduzzi, Reynaldo"]
[Black "Schweber, Samuel"]
[Result "0-1"]
[WhiteElo "2200"]
[BlackElo "2445"]

1.e4 c5 2.Nf3 e6 3.d4 cxd4 4.Nxd4 a6 5.Nc3 Qc7 6.Be2 b5 7.a3 Bb7 8.O-O Nf6
9.Bf3 d6 10.Bg5 Nbd7 11.Re1 Be7 12.Bg4 O-O 13.Bxe6 fxe6 14.Nxe6 Qc4 15.Nxf8 Bxf8
16.f3 h6 17.Be3 Rc8 18.Qe2 Ne5 19.Kh1 Be7 20.Rad1 Qxe2 21.Rxe2 Nc4 22.Bc1 Kf7
23.b3 Ne5 24.Bb2 Ng6 25.g3 Ne5 26.Kg2 g5 27.h3 Ned7 28.Kh2 h5 29.f4 gxf4
30.gxf4 Nxe4 31.Nd5 Bxd5 32.Rxd5 Ndf6 33.Bxf6 Nxf6 34.Rg5 d5 35.Reg2 Bf8
36.Rf5 Bxa3 37.Rd2 Bb2 38.Kg2 d4 39.Kf3 Rc3+ 40.Kg2 Re3  0-1

[Event "Hoogovens-B"]
[Site "Wijk aan Zee"]
[Date "1977.??.??"]
[Round "5"]
[White "Bellon Lopez, Juan Manuel"]
[Black "Popov, Luben"]
[Result "1-0"]
[WhiteElo "2415"]
[BlackElo "2410"]

1.e4 c5 2.Nf3 e6 3.d4 cxd4 4.Nxd4 a6 5.Nc3 b5 6.g3 Bb7 7.Bg2 Nf6 8.Qd3 d6
9.O-O Nbd7 10.Re1 Be7 11.Qe2 Qc7 12.Bd2 O-O 13.a4 b4 14.Na2 Nc5 15.Bxb4 Nfxe4
16.Nc3 Nxc3 17.Bxc3 Bxg2 18.Kxg2 Bf6 19.Qf3 d5 20.Nb3 Ne4 21.Bxf6 Nxf6 22.Qd3 Rfc8
23.Re2 Qb6 24.Qd4 Qd6 25.Na5 Rab8 26.Ra3 Rb4 27.Rc3 Ra8 28.Qd3 Rxa4 29.Nb7 Qb6
30.Nc5 Ra5 31.Nb3 Rb5 32.Nd4 Rb4 33.Nc6 Rxb2 34.Ne7+ Kf8 35.Rc8+ Rxc8 36.Nxc8 Qb5
37.c4 Qb3 38.Qd4 Rxe2 39.Qc5+ Kg8 40.Ne7+ Kf8 41.Ng6+  1-0

[Event "Yerevan"]
[Site "Yerevan"]
[Date "1977.??.??"]
[Round "1"]
[White "Mnatsakanian, Eduard A"]
[Black "Akopian, Gagnik E"]
[Result "1-0"]
[WhiteElo "2425"]
[BlackElo "2335"]

1.e4 c5 2.Nf3 e6 3.d4 cxd4 4.Nxd4 a6 5.Nc3 Qc7 6.g3 b5 7.a3 Nc6 8.Bg2 Nxd4
9.Qxd4 Ne7 10.Bf4 Qc6 11.O-O-O Ng6 12.Be3 Rb8 13.Na2 a5 14.f4 b4 15.f5 Ne7
16.Bf4 Rb7 17.Rhg1 Qa4 18.fxe6 fxe6 19.Nc3 Qc6 20.e5 Qc7 21.Bxb7 bxc3 22.Be4 cxb2+
23.Qxb2 Nc6 24.Rd3 Be7 25.Qc3 O-O 26.Rgd1 Kh8 27.Bxc6 dxc6 28.Qc4 Qb6 29.Rb3 Qc7
30.g4 h6 31.Kb1 Qa7 32.Be3 Qc7 33.Bc5 Ba6 34.Qc3 a4 35.Rb4 Bb5 36.Bd6 Qd7
37.Qd4 Rf3 38.Bxe7 Qxe7 39.Qd8+ Qxd8 40.Rxd8+ Kh7 41.Kb2 Re3 42.c4 Ba6 43.Ra8 c5
44.Rxa4 Bb7 45.Rf8 Rxe5 46.Ra7 Bg2 47.Rff7 Rg5 48.a4 Rxg4 49.a5 e5 50.Rac7 h5
51.Rxc5 h4 52.a6 h3 53.a7 Bh1 54.Rf8 Rg2+ 55.Kb3 Rd2 56.Rxe5 Kg6 57.Rd5 Rxd5
58.cxd5 Bxd5+ 59.Kc3 Kg5 60.Kd4  1-0

[Event "Yerevan"]
[Site "Yerevan"]
[Date "1977.??.??"]
[Round "7"]
[White "Katalymov, Boris N"]
[Black "Eolian, Levon S"]
[Result "1-0"]
[WhiteElo "2415"]
[BlackElo "2200"]

1.e4 c5 2.Nf3 e6 3.Nc3 a6 4.d4 cxd4 5.Nxd4 Qc7 6.Bd3 Nf6 7.Qe2 Bc5 8.Nb3 Bb4
9.O-O d6 10.Bd2 O-O 11.Nb5 axb5 12.Bxb4 Nc6 13.Be1 b4 14.f4 Bd7 15.Bh4 Kh8
16.Rf3 Ng8 17.Rh3 e5 18.f5 f6 19.g4 Nce7 20.Bf2 Bc6 21.Qe1 Ra4 22.Be3 d5
23.Nc5 dxe4 24.Ne6 Qc8 25.Nxf8 Qxf8 26.Bc4 Nd5 27.Bb3 Ra8 28.Rd1 Nf4 29.Rg3 Rd8
30.Rxd8 Qxd8 31.Qd2 Qxd2 32.Bxd2 Ne2+ 33.Kf2 Nxg3 34.Kxg3 Ne7 35.Bxb4 Nd5
36.Bc5 g6 37.fxg6 hxg6 38.g5 Kg7 39.h4 Kf7 40.gxf6 Kxf6 41.Bc4 b6 42.Bg1 e3
43.a4 e2 44.Bxe2 Bxa4 45.Bf3 Ne7 46.b3 Bd7 47.Bxb6 Nf5+ 48.Kf2 Ke6 49.Bd8 Kd6
50.c3 Kc5 51.Bd1 e4 52.Be2 Be6 53.b4+ Kc6 54.Bg5 Nd6 55.Ke3 Kd5 56.Kf4 Nc4
57.Bf6 Bd7 58.Kg5 Be8 59.Bd4 Nd6 60.Bc5 Nc4 61.Kf6 Bb5 62.Bg4 Kc6 63.Kxg6  1-0

[Event "Yerevan"]
[Site "Yerevan"]
[Date "1977.??.??"]
[Round "7"]
[White "Mnatsakanian, Eduard A"]
[Black "Petkevich, Jusefs"]
[Result "1/2-1/2"]
[WhiteElo "2425"]
[BlackElo "2425"]

1.e4 c5 2.Nf3 e6 3.d4 cxd4 4.Nxd4 a6 5.Nc3 Qc7 6.g3 Nf6 7.Bg2 Nc6 8.O-O Nxd4
9.Qxd4 Bc5 10.Bf4 d6 11.Qd3 h6 12.Rad1 e5 13.Be3 Bg4 14.Bxc5 dxc5 15.f3 Be6
16.Nd5 Bxd5 17.exd5 O-O 18.d6 Qb6 19.Qb3 Qc6 20.Rd2 Rad8 21.Rfd1 Rfe8 22.Bh3 e4
23.d7 Re7 24.Rd6 Qc7 25.Qe3 Qa5 26.Bf5 c4 27.g4 Re5 28.fxe4 Kf8 29.h4 Qc5
30.Qxc5 Rxc5 31.g5 hxg5 32.hxg5 Ng4 33.R1d5 Rxd5 34.exd5 Ne3 35.Bh3 Ke7  1/2-1/2